[Event "Dubna op"]
[Site "Dubna"]
[Date "2007.08.05"]
[Round "2"]
[White "Kazennova, Daria"]
[Black "Bounin, Mikhail"]
[Result "0-1"]
[WhiteElo "1971"]
[BlackElo "2265"]
[PlyCount "87"]
[EventDate "2007.08.02"]
[EventType "swiss"]
[EventRounds "14"]
[EventCountry "RUS"]
[SourceTitle "EXT 2008"]
[Source "ChessBase"]
[SourceDate "2007.11.25"]
[SourceVersion "1"]
[SourceVersionDate "2007.11.25"]
[SourceQuality "1"]

1. e4 d5 2. exd5 Nf6 3. d4 Nxd5 4. c4 Nf6 5. Nf3 e6 6. Bg5 Bb4+ 7. Nc3 0-0 8. a3 Bxc3+ 9. bxc3 Nbd7 10. Bd3 c5 11. 0-0 Qa5 12. Qc2 Qc7 13. Rfe1 b6 14. Ne5 h6 15. Nxd7 Nxd7 16. Bxh6 gxh6 17. Re3 Nf6 18. Rg3+ Kh8 19. Qd2 Ng8 20. Re1 f5 21. d5 e5 22. Be2 Qd6 23. Bh5 f4 24. Rg6 Rf6 25. Rxf6 Nxf6 26. Bf3 Bf5 27. g3 Kh7 28. gxf4 Rg8+ 29. Kh1 e4 30. Bg2 Rg4 31. f3 Rxf4 32. fxe4 Nxe4 33. Qe3 Rh4 34. h3 Bxh3 35. Bxh3 Rxh3+ 36. Qxh3 Nf2+ 37. Kg2 Nxh3 38. Kxh3 Qf6 39. Re3 Qf1+ 40. Kg3 Qxc4 41. d6 Qd5 42. Re7+ Kg6 43. Rd7 Qe5+ 44. Kg2 0-1

[Event "Moscow-ch Region"]
[Site "Serpukhov"]
[Date "2002.??.??"]
[Round "7"]
[White "Bounin, Mikhail"]
[Black "Kuznetsov, Lev"]
[Result "0-1"]
[WhiteElo "2240"]
[BlackElo "2234"]
[PlyCount "92"]
[EventDate "2002.??.??"]
[EventType "swiss"]
[EventRounds "9"]
[EventCountry "RUS"]
[SourceTitle "EXT 2003"]
[Source "ChessBase"]
[SourceDate "2002.11.25"]
[SourceVersion "1"]
[SourceVersionDate "2002.11.25"]
[SourceQuality "1"]

1. f4 d5 2. Nf3 c5 3. g3 Nc6 4. Bg2 g6 5. c3 Bg7 6. d4 Qb6 7. e3 Bg4 8. Nbd2 e6 9. Nb3 c4 10. Nbd2 Nf6 11. 0-0 Ne4 12. Qe1 f5 13. Nxe4 fxe4 14. Nd2 h5 15. b3 cxb3 16. axb3 Qd8 17. h3 Bf5 18. h4 b5 19. Ba3 a5 20. Bc5 Qb8 21. Rf2 Kf7 22. Bf1 Bg4 23. Nb1 b4 24. Rfa2 Qb7 25. Ra4 Bf3 26. Qd2 g5 27. fxg5 Qc7 28. Kh2 Ne5 29. dxe5 Qxc5 30. cxb4 Qc7 31. R1a2 Bxe5 32. Qe1 Kg6 33. bxa5 Raf8 34. a6 Rf5 35. Bg2 Rxg5 36. hxg5 h4 37. Kg1 hxg3 38. Bxf3 exf3 39. Qd1 f2+ 40. Rxf2 gxf2+ 41. Kxf2 Rh2+ 42. Kg1 Qf7 43. Qd2 Rxd2 44. Nxd2 Bg3 45. Kg2 Qf2+ 46. Kh3 Be5 0-1

[Event "Moscow Region-ch"]
[Site "Dubna"]
[Date "2001.??.??"]
[Round "4"]
[White "Bounin, Mikhail"]
[Black "Burlachenko, Konstantin"]
[Result "1-0"]
[WhiteElo "2240"]
[BlackElo "2178"]
[PlyCount "74"]
[EventDate "2001.??.??"]
[EventType "swiss"]
[EventRounds "9"]
[EventCountry "RUS"]
[SourceTitle "EXT 2006"]
[Source "ChessBase"]
[SourceDate "2005.11.24"]
[SourceVersion "1"]
[SourceVersionDate "2005.11.24"]
[SourceQuality "1"]

1. e4 c5 2. f4 e6 3. Nf3 Nc6 4. c3 d5 5. e5 d4 6. Bd3 Nge7 7. Qe2 Nd5 8. g3 a6 9. Be4 b5 10. a4 Rb8 11. axb5 axb5 12. 0-0 Be7 13. Na3 b4 14. Nb5 Rxb5 15. Qxb5 Bd7 16. Qd3 g6 17. cxd4 cxd4 18. b3 0-0 19. Bb2 Bc5 20. Rac1 Bb6 21. Kh1 Nde7 22. Nxd4 Nxd4 23. Bxd4 Bc6 24. Rxc6 Qxd4 25. Qxd4 Bxd4 26. Rcc1 Ba1 27. Rxa1 Rd8 28. Ra2 Nf5 29. Bxf5 exf5 30. Kg2 f6 31. exf6 Kf7 32. Kf2 Rd3 33. Rb2 Kxf6 34. Ke2 Rd6 35. Rc2 Ke6 36. Rc4 Rb6 37. Ke3 Kd5 1-0

[Event "Dubna op"]
[Site "Dubna"]
[Date "2000.??.??"]
[Round "2"]
[White "Berezovich, Mikhail"]
[Black "Bounin, Mikhail"]
[Result "0-1"]
[WhiteElo "2170"]
[BlackElo "2275"]
[PlyCount "46"]
[EventDate "2000.??.??"]
[EventType "swiss"]
[EventRounds "9"]
[EventCountry "RUS"]
[SourceTitle "EXT 2002"]
[Source "ChessBase"]
[SourceDate "2001.11.25"]
[SourceVersion "1"]
[SourceVersionDate "2001.11.25"]
[SourceQuality "1"]

1. e4 d5 2. exd5 Qxd5 3. Nc3 Qa5 4. d4 Nf6 5. Bc4 c6 6. Nf3 e6 7. Qe2 Be7 8. Bd2 Qc7 9. 0-0-0 b5 10. Bd3 Nbd7 11. Ne5 b4 12. Nxd7 Bxd7 13. Ne4 a5 14. h4 a4 15. Kb1 Nd5 16. Qg4 g6 17. Ng5 Qb6 18. h5 f5 19. Qg3 a3 20. hxg6 Qxd4 21. c3 bxc3 22. Bc1 axb2 23. Be3 Qa4 0-1